[Event "Kuala Lumpur UM KPT op"]
[Site "Kuala Lumpur"]
[Date "2016.12.18"]
[Round "9"]
[White "Azman Hisham, Mohd Nabil"]
[Black "Chor, Mohd Ali"]
[Result "1/2-1/2"]
[WhiteElo "1968"]
[BlackElo "1949"]
[PlyCount "35"]
[EventDate "2016.12.16"]
[EventType "swiss"]
[EventRounds "9"]
[EventCountry "MAS"]
[SourceTitle "CBM 176 Extra"]
[Source "ChessBase"]
[SourceDate "2017.03.02"]
[SourceVersion "1"]
[SourceVersionDate "2017.03.02"]
[SourceQuality "1"]

1. d4 Nf6 2. Nf3 g6 3. Bf4 Bg7 4. e3 d6 5. Be2 0-0 6. 0-0 Nbd7 7. h3 b6 8. c4 Bb7 9. Nc3 Re8 10. Qc2 e5 11. Bh2 a6 12. Rad1 Qe7 13. dxe5 Nxe5 14. Nd4 Rad8 15. Nd5 Nxd5 16. cxd5 Bxd5 17. Nf5 gxf5 18. Rxd5 1/2-1/2

[Event "Kuala Lumpur Varsity-ch 20th"]
[Site "Kuala Lumpur"]
[Date "2016.01.23"]
[Round "5"]
[White "Chor, Mohd Ali"]
[Black "Tan, Wei Hao"]
[Result "0-1"]
[WhiteElo "1924"]
[BlackElo "1854"]
[PlyCount "102"]
[EventDate "2016.01.21"]
[EventType "swiss"]
[EventRounds "9"]
[EventCountry "MAS"]
[SourceTitle "CBM 170 Extra"]
[Source "ChessBase"]
[SourceDate "2016.02.25"]
[SourceVersion "1"]
[SourceVersionDate "2016.02.25"]
[SourceQuality "1"]

1. e4 c5 2. Nc3 Nc6 3. f4 e6 4. Nf3 a6 5. g3 d6 6. Bg2 g6 7. d3 Bg7 8. 0-0 Nge7 9. Rb1 Rb8 10. Be3 Nd4 11. Ne2 Nec6 12. c3 Nxe2+ 13. Qxe2 0-0 14. d4 cxd4 15. Nxd4 Nxd4 16. Bxd4 e5 17. Ba7 Ra8 18. Be3 Be6 19. c4 Qc7 20. b3 b5 21. f5 Bd7 22. f6 Bh8 23. Rbc1 bxc4 24. bxc4 Qd8 25. Qf2 Rc8 26. Bb6 Qe8 27. c5 Qe6 28. cxd6 Rxc1 29. Rxc1 Bxf6 30. Bc7 Bg5 31. Rc3 Kg7 32. h4 Bh6 33. Kh2 f5 34. Bh3 Qe8 35. Rf3 Bc6 36. Qc5 Bxe4 37. d7 Qxd7 38. Bxe5+ Kg8 39. Rf2 Rc8 40. Qb4 Qd5 41. Bg2 Qxe5 42. Bxe4 Qxe4 43. Qb2 Bg7 44. Qb6 Qc6 45. Qb1 Be5 46. Re2 Qd6 47. Qb3+ Kg7 48. h5 Rc3 49. Qb7+ Qc7 50. Qb4 Bxg3+ 51. Kg2 Qc6+ 0-1

[Event "Kuala Lumpur Varsity-ch 20th"]
[Site "Kuala Lumpur"]
[Date "2016.01.22"]
[Round "4"]
[White "Amarasinghe, AACB"]
[Black "Chor, Mohd Ali"]
[Result "0-1"]
[WhiteElo "1845"]
[BlackElo "1924"]
[PlyCount "160"]
[EventDate "2016.01.21"]
[EventType "swiss"]
[EventRounds "9"]
[EventCountry "MAS"]
[SourceTitle "CBM 170 Extra"]
[Source "ChessBase"]
[SourceDate "2016.02.25"]
[SourceVersion "1"]
[SourceVersionDate "2016.02.25"]
[SourceQuality "1"]

1. e4 e5 2. Nf3 Nc6 3. Bc4 Nf6 4. d3 Bc5 5. c3 d6 6. Bb3 Bg4 7. h3 Bxf3 8. Qxf3 h6 9. Nd2 Ne7 10. Nc4 Ng6 11. Ne3 Bxe3 12. fxe3 Qe7 13. Bd2 0-0-0 14. a4 c6 15. 0-0-0 d5 16. exd5 cxd5 17. e4 d4 18. cxd4 Rxd4 19. Bc3 Rd7 20. d4 exd4 21. Rxd4 Rxd4 22. Bxd4 Kb8 23. Re1 Ne5 24. Qg3 Nfd7 25. a5 Rd8 26. Bd5 f6 27. Kb1 Rc8 28. Rc1 Rxc1+ 29. Kxc1 Nc5 30. Qc3 Ncd3+ 31. Kb1 Qd7 32. a6 b6 33. Bxe5+ Nxe5 34. Qb4 Qd8 35. Qb3 Qd6 36. Bb7 Qd3+ 37. Ka2 Qxb3+ 38. Kxb3 Kc7 39. Kc3 Kd6 40. Kd4 Nd7 41. b4 Ne5 42. Bd5 Ng6 43. Bc4 Ne5 44. Bd5 Ng6 45. Bc4 Nf4 46. Bf1 Ne6+ 47. Ke3 Ke5 48. Bc4 Nd4 49. Bd3 Nc6 50. b5 Nd4 51. h4 g5 52. g3 Nb3 53. Bc2 Nc5 54. Bb1 Ne6 55. Ba2 Ng7 56. hxg5 fxg5 57. Bf7 h5 58. Bc4 Ne6 59. Kf3 Nc5 60. Bf7 h4 61. gxh4 gxh4 62. Kg4 Nxe4 63. Kxh4 Nd6 64. Bg8 Nxb5 65. Kg3 Kd4 66. Kf2 Nc7 67. Ke2 Nxa6 68. Kd2 Nb4 69. Kc1 Kc3 70. Kb1 a5 71. Bf7 a4 72. Be8 a3 73. Bf7 Nd3 74. Bg6 b5 75. Ka2 b4 76. Bf7 Ne5 77. Bb3 Nc4 78. Ba4 Nd6 79. Bb3 Nb5 80. Ba4 Nd4 0-1